01009nam a2200217 i 450000100060000000300090000600500170001500700030003200800410003510000290007624502640010526001030036930000290047270000210050170000220052270000400054470000370058485200320062199900170065395201210067065698ES-MaACL20230906165441.0t|040120s1956 sp ||||1| spa d1 aFuehner, Hermann.95281910aToxicología médica b: manual para médicos, farmaceúticos y químicos / cpor H. Fühner ; refundido por W. Wirth y G. Hecht ; versión española de la 3ª ed. alemana por Adolfo Florensa Goicoechea ; prólogo y revisión por M. Sales Vázquez. aBarcelona : bEditorial Científico-Médica, c1956 (fCasa Provincial de Caridad, Imp. Escuela) aXXVII, 275 p. ; c25 cm.1 aHecht, G.9622711 aWirth, W.91171381 aFlorensa Goicoechea, Adolfo.9512481 aSales Vázquez, Miguel.9101887 aES-MaACLjC-10168 bR.38562 c65698d65698 00104070aATENEOMbATENEOMcSPALd2008-01-17eSCl0oC-10168p1068829r2023-02-23 00:00:00w2023-02-23yMONOGRAFIA